| 000 | 01776nam a2200445 i 4500 | ||
|---|---|---|---|
| 001 | DIGDYK3034 | ||
| 003 | NyNyDIG | ||
| 007 | cr ||||||||||| | ||
| 008 | 231201s2021 sp ob 000 0 spa d | ||
| 006 | m o d | ||
| 035 | _a(OCoLC)1414667144 | ||
| 040 |
_aDGITA _beng _erda _epn _cDGITA |
||
| 020 | _z9788413776835 | ||
| 043 | _ae-sp--- | ||
| 050 | 1 | 4 | _aKKT5678.6 ebook |
| 100 | 1 |
_aAtxabal Rada, Alberto, _eauthor. |
|
| 245 | 1 | 0 |
_aDerecho financiero y tributario foral vasco : _bparte general / _cAlberto Atxabal Rada, José Javier García Ross. |
| 250 | _aQuinta edición. | ||
| 264 | 1 |
_aMadrid : _bDykinson, S.L., _c[2021] |
|
| 300 | _a1 online resource. | ||
| 336 |
_atext _btxt _2rdacontent |
||
| 337 |
_acomputer _bc _2rdamedia |
||
| 338 |
_aonline resource _bcr _2rdacarrier |
||
| 347 |
_atext file _2rdaft |
||
| 347 | _bPDF | ||
| 490 | 1 |
_aLanbideak Bilduma ; _v8 |
|
| 500 | _a"Zuzenbidearen Euskal Akademia = Academia Vasca de Derecho"--Cover. | ||
| 504 | _aIncludes bibliographical references. | ||
| 588 | 0 | _aOnline resource; title from PDF title page (Digitalia, viewed December 1, 2023) | |
| 650 | 0 |
_aTaxation _xLaw and legislation _zSpain _zPaís Vasco. |
|
| 650 | 0 |
_aFinance, Public _xLaw and legislation _zSpain _zPaís Vasco. |
|
| 700 | 1 |
_aGarcía Ross, José Javier, _eauthor. |
|
| 791 | 2 |
_aDigitalia (Firm), _edistributor. |
|
| 793 | 0 |
_gDigitalia eBook Collection: _aDykinson Editorial |
|
| 776 | 0 | 8 |
_iPrint version: _aAtxabal Rada, Alberto. _tDerecho financiero y tributario foral vasco. _bQuinta edición. _dMadrid : Dykinson, S.L., [2021] _z9788413776835 |
| 830 | 0 |
_aLanbideak Bilduma ; _v8. |
|
| 856 | 4 | 0 |
_3Digitalia Hispánica _uhttps://www.digitaliapublishing.com/a/131422/ |
| 910 | _aPremium collection: 2023 | ||
| 942 | _cRAA | ||
| 999 |
_c281633 _d281633 |
||